Misfits trivia - Statistics

General Stats
  • This quiz has been taken 245 times
    243 since last reset
  • The average score is 9 of 15
Answer Stats
Hint Answer % Correct
can go invisible Simon
98%
this person thinks.... is conti Simon
98%
is immortal Nathan
97%
got arrested for stealing pick and mix Nathan
97%
dates kurtis and simon Alisha
89%
can read minds Kelly
86%
can rewind time Kurtis
79%
this person splits in 2 / replaced nathan Rudy
73%
created the powers The storm
45%
can shag powers out of people Alex from the bar
41%
keeps her fellow community worker in friend zone Jess
35%
goes back in time to save alisha Future simon
27%
stereotypically die Probation worker
22%
thinks he's in a game Tim
19%
3rd probation worker Shaun
14%
No matching quizzes found
Score Distribution
Percent of People with Each Score
Percentile by Number Answered
Your Score History
You have not taken this quiz since the last reset